Methods in cell biology. Volume 8 /

METHODS IN CELL BIOLOGY,VOLUME 8.

Bibliographic Details
Corporate Author: ScienceDirect (Online service)
Other Authors: Prescott, David M. (David Martin), 1948-
Format: eBook
Language:English
Language Notes:English.
Published: New York : Academic Press, 1974.
Series:Methods in cell biology ; v. 8.
Subjects:
Online Access:Connect to the full text of this electronic book

MARC

Tag First Indicator Second Indicator Subfields
LEADER 00000cam a2200000 a 4500
001 in00005744021
005 20260326180124.0
006 m o d
007 cr cn|||||||||
008 901229s1974 nyua ob 001 0 eng d
010 |z  74641206  
040 |a E7B  |b eng  |e pn  |c E7B  |d OCLCQ  |d OPELS  |d N$T  |d IDEBK  |d OCLCQ  |d OCLCF  |d YDXCP  |d OCLCQ  |d DEBSZ  |d OCLCA  |d VLY  |d INARC  |d OCLCO  |d OCLCQ  |d AU@  |d OCLCO  |d OCLCL  |d COA  |d OCLCL  |d OCLCQ 
019 |a 263146357  |a 1162228983  |a 1340053658  |a 1356184465 
020 |a 0125641087  |q (electronic bk.) 
020 |a 9780125641081  |q (electronic bk.) 
020 |a 9780080859057  |q (electronic bk.) 
020 |a 0080859054  |q (electronic bk.) 
020 |a 9786611514877 
020 |a 6611514872 
020 |a 128151487X 
020 |a 9781281514875 
024 8 |a (WaSeSS)ssj0000201908 
035 |a (OCoLC)646754899  |z (OCoLC)263146357  |z (OCoLC)1162228983  |z (OCoLC)1340053658  |z (OCoLC)1356184465 
050 4 |a QH585  |b .M488 1974eb 
072 7 |a SCI  |x 017000  |2 bisacsh 
082 0 4 |a 571.6  |2 23 
049 |a TXAM 
245 0 0 |a Methods in cell biology.  |n Volume 8 /  |c edited by David M. Prescott. 
260 |a New York :  |b Academic Press,  |c 1974. 
300 |a 1 online resource (xiii, 464 pages) :  |b illustrations. 
336 |a text  |b txt  |2 rdacontent 
337 |a computer  |b c  |2 rdamedia 
338 |a online resource  |b cr  |2 rdacarrier 
347 |a text file  |2 rdaft  |0 http://rdaregistry.info/termList/fileType/1002. 
490 1 |a Methods in cell biology ;  |v v. 8 
504 |a Includes bibliographical references and index. 
588 0 |a Print version record. 
505 0 |a Cover; Contributors to This Volume; Contents; List of Contributors; Preface; Contents of Previous Volumes; Chapter 1. Methods for Selecting and Studying Temperature-Sensitive Mutants of BHK-21 Cells; I. Introduction; II. Choice of Cell Lines and Temperature; III. Mutagenesis; IV. Selection; V. Isolation of Surviving Cells and Testing for ts Phenotype; VI. Frequency and General Behavior of the ts BHK Mutants; VII. Complementation Tests and Methods to Test Dominance or Recessiveness of the ts Mutations; VIII. Nature of the ts Mutants; IX. Conclusions; References 
505 8 |a Chapter 2. Induction and Isolation of Auxotrophic Mutants in Mammalian CellsI. Introduction; II. Procedures; III. Special Techniques, Equipment, and Reagents; IV. General Discussion; References; Chapter 3. Isolation of Temperature-Sensitive Mutants of Mammalian Cells; I. Introduction; II. Theoretical Considerations; III. Methods; IV. Discussion; References; Chapter 4. Preparation and Use of Replicate Mammalian Cell Cultures; I. Introduction; II. Replicate Culture Planting Device; III. Preparation and Use of Replicate Mammalian Cell Cultures; IV. Problems, and Some Suggestions 
505 8 |a V. Quantitation of ResultsAppendix: Standardization of Hemacytometer and Coulter Counting Methods; References; Chapter 5. Methods for Obtaining Revertants of Transformed cells; I. Introduction; II. Isolation of Revertants from Transformed Cell Lines; III. Properties of Revertant Cells; IV. Conclusion; References; Chapter 6. Monolayer Mass Culture on Disposable Plastic Spirals; I. Introduction; II. Apparatus; III. Method; IV. Harvesting; V. Uses; References; Chapter 7. A Method for Cloning Anchorage-Dependent Cells in Agarose; I. Introduction; II. Procedure; III. Discussion; References 
505 8 |a Chapter 8. Repetitive Synchronization of Human Lymphoblast Cultures with Excess ThymidineI. Introduction; II. Methods; III. Characterization of the Synchronization; IV. Concluding Remarks; References; Chapter 9. Uses of Enucleated Cells; I. Introduction; II. The Technology of Enucleation; III. Uses and Properties of Enucleated Cells; IV. Summary; References; Chapter 10. Enucleation of Somatic Cells with Cytochalasin B; I. Introduction; II. Enucleation of Somatic Cells Attached to the Inner Surface of Ultracentrifuge Nitrocellulose Tubes; III. Enucleation of Somatic Cells on Plastic Coverslips 
505 8 |a IV. Results and DiscussionReferences; Chapter 11. Isolation of Mammalian Heterochromatin and Euchromatin; I. Introduction; II. Isolation of Nuclei; III. Isolation of Heterochromatin and Euchromatin; IV. Conclusion; References; Chapter 12. Measurements of Mammalian Cellular DNA and Its Localization in Chromosomes; I. Introduction; II. Banding Techniques; III. Flow Microfluorometric Analysis; IV. Applications of Methods to Cells in Culture; V. Summary; References; Chapter 13. Large-Scale Isolation of Nuclear Membranes from Bovine Liver; I. Introduction 
520 |a METHODS IN CELL BIOLOGY,VOLUME 8. 
546 |a English. 
650 0 |a Cytology  |x Technique. 
650 0 |a Biology  |x Technique. 
650 2 |a Cytological Techniques 
650 6 |a Cytologie  |x Technique. 
650 6 |a Biologie  |x Technique. 
650 7 |a SCIENCE  |x Life Sciences  |x Cell Biology.  |2 bisacsh 
650 7 |a Biology  |x Technique  |2 fast 
650 7 |a Cytology  |x Technique  |2 fast 
650 7 |a Biologia celular.  |2 larpcal 
655 7 |a Electronic books.  |2 local 
700 1 |a Prescott, David M.  |q (David Martin),  |d 1948-  |1 https://id.oclc.org/worldcat/entity/E39PCjDqFRHqQMr8vwX7CcThtq 
710 2 |a ScienceDirect (Online service) 
776 0 8 |i Print version:  |t Methods in cell biology.  |d New York : Academic Press, 1974  |w (DLC) 74641206 
830 0 |a Methods in cell biology ;  |v v. 8. 
856 4 0 |u http://proxy.library.tamu.edu/login?url=https://www.sciencedirect.com/science/bookseries/0091679X/8  |z Connect to the full text of this electronic book  |t 0 
936 |a BATCHLOAD 
955 |a Elsevier ScienceDirect 2026-2027 
994 |a 92  |b TXA 
999 f f |i a5236f39-0de3-4d7c-8914-8c5aae253c98  |s f424b6c6-c025-45a0-87cd-9aa468325d0c  |t 0 
952 f f |a Texas A&M University  |b College Station  |c Electronic Resources  |s www_evans  |d Available Online  |t 0  |e QH585 .M488 1974eb  |h Library of Congress classification 
998 f f |a QH585 .M488 1974eb  |t 0  |l Available Online